00439 2200181 4500001002100000005001500021035002000036245004700056100000900103250001400112300002100126260002800147082001400175084002000189020001800209600002000227990001000247INLIS00000000003387320220816022427 a0010-08220006651 aMisteri Permata Al Qashr Az Zahabi /cEmji0 aEmji aCetakan 1 a270 hlm ;c20 cm aSolo :bMetamind,c2011 a899.221.3 a899.221.3 EMJ m a9786029854961 4aMisteri Permata a54195